| 000 | 00996nas a2200301 4500 | ||
|---|---|---|---|
| 001 | BR9802540 | ||
| 003 | BR-BrBNA | ||
| 005 | 20231205100747.0 | ||
| 007 | ta | ||
| 008 | 230509b bl.|||p| |||| 00| 00por d | ||
| 040 |
_aBR-BrBNA _bpor _cBiblioteca Nacional de Agricultura |
||
| 041 | _a(Pt) | ||
| 072 | _aQ04 | ||
| 100 | 1 | _aAndrade, J. de S. | |
| 100 | 1 | _aGaleazi, M.A.M. | |
| 100 | 1 | _aAragao, C.G. | |
| 100 | 1 | _aChaves-Flores, W.B. | |
| 111 | 1 |
_a11. Congresso Brasileiro de Fruticultura _cCruz das Almas, BA (Brazil) _d1991 |
|
| 245 | 1 | _aValor nutricional do camu-camu (Myrciaria aubia (H.B.K.)Mc. Vaugh)cultivado em terra firme da Amazonia Central | |
| 650 | _aCamu-Camu | ||
| 650 | _aCultivo Minimo | ||
| 650 | _aComposicao Quimica | ||
| 650 | _aValor Nutritivo | ||
| 650 | _aAmazonia | ||
| 773 | 0 |
_tRevista Brasileira de Fruticultura (Brazil) _xISSN 0100-2945 _g(Oct 1991), v. 13(3) p. 307-311 _wBR9802540 |
|
| 909 |
_a202311 _bLúcia _c55 _dLúcia Elande |
||
| 942 |
_2AGRIS _n0 _cANA |
||
| 999 |
_c157917 _d157917 |
||